000 00725nam a2200229Ii 4500
003 JO-AjNU
008 230605s9999||||xx |||||||||||||| ||und||
017 _a1978/6034
020 _a977-7236-74-3
040 _aJO-AjNU
_bara
_erda
_cJO-AjNU
041 _aara
050 1 4 _aHM131 .H5488 1982
100 3 _aحجازي، محمد فؤاد,
_eauthor
_918908
245 0 0 _aالبناء الاجتماعي
250 _aط2
264 3 1 _aالقاهرة: مكتبة وهبة، 1982
300 _a334ص
_bيحتوي على ببلوغرافية من 327-334ص
336 _atext
_btxt
_2rdacontent
337 _aunmediated
_bn
_2rdamedia
338 _avolume
_bnc
_2rdacarrier
650 4 _aالبناء الاجتماعي
_918909
999 _aA6135
_c9703
_d9703